[Event "DVM U16 2020"]
[Site "Willingen GER"]
[Date "2021.06.26"]
[Round "6"]
[White "Weihrauch, Jakob"]
[Black "Mooser, Nicolas"]
[Result "1/2-1/2"]
[Termination "normal"]
[Board "2.1"]
[WhiteElo "2146"]
[BlackElo "2148"]
[WhiteClock "00:05:15"]
[BlackClock "00:06:56"]
[WhiteTeam "Hamburger SK von 1830"]
[BlackTeam "FC Ergolding 1932 e.V."]
[PlyCount "79"]
[WhiteFideId "16210115"]
[BlackFideId "12979406"]
[EventCountry "GER"]
[EventRounds "7"]
[EventType "team-swiss"]
[EventDate "2021.06.23"]

1. e4 {[%clk 1:30:55]} 1... c5 {[%clk 1:30:52]} 2. Nf3 {[%clk 1:31:21]} 2... e6
{[%clk 1:31:16]} 3. d4 {[%clk 1:31:45]} 3... cxd4 {[%clk 1:31:38]} 4. Nxd4 {
[%clk 1:32:09]} 4... Nc6 {[%clk 1:32:00]} 5. Nc3 {[%clk 1:32:22]} 5... Qc7 {
[%clk 1:32:01]} 6. g3 {[%clk 1:31:40]} 6... a6 {[%clk 1:27:08]} 7. Bg2 { [%clk
1:31:59]} 7... b5 {[%clk 1:20:02]} 8. O-O {[%clk 1:21:37]} 8... Bb7 { [%clk
1:19:37]} 9. Bf4 {[%clk 1:06:49]} 9... d6 {[%clk 1:10:10]} 10. Nxc6 { [%clk
0:51:56]} 10... Qxc6 {[%clk 1:08:16]} 11. Qe2 {[%clk 0:51:42]} 11... Be7 {[%clk
1:02:06]} 12. a4 {[%clk 0:48:25]} 12... b4 {[%clk 1:00:09]} 13. Nd1 { [%clk
0:41:41]} 13... Nf6 {[%clk 0:54:01]} 14. Re1 {[%clk 0:41:42]} 14... O-O { [%clk
0:53:20]} 15. b3 {[%clk 0:36:08]} 15... Rac8 {[%clk 0:48:40]} 16. Rc1 { [%clk
0:32:36]} 16... Rfd8 {[%clk 0:41:13]} 17. Bg5 {[%clk 0:28:32]} 17... h6 { [%clk
0:38:53]} 18. Bxf6 {[%clk 0:27:45]} 18... Bxf6 {[%clk 0:39:17]} 19. Ne3 { [%clk
0:28:12]} 19... Bc3 {[%clk 0:38:02]} 20. Red1 {[%clk 0:28:04]} 20... Qc5 {[%clk
0:35:44]} 21. Nc4 {[%clk 0:26:22]} 21... a5 {[%clk 0:31:17]} 22. Qe3 { [%clk
0:25:40]} 22... Qc7 {[%clk 0:30:19]} 23. Qb6 {[%clk 0:19:14]} 23... Qxb6 {[%clk
0:29:11]} 24. Nxb6 {[%clk 0:19:40]} 24... Rc6 {[%clk 0:22:28]} 25. Nc4 { [%clk
0:19:04]} 25... Ba6 {[%clk 0:22:17]} 26. Ne3 {[%clk 0:18:25]} 26... Rdc8 {[%clk
0:17:52]} 27. Bf1 {[%clk 0:17:42]} 27... Bxf1 {[%clk 0:17:43]} 28. Kxf1 {[%clk
0:18:06]} 28... Rd8 {[%clk 0:10:56]} 29. Rd3 {[%clk 0:18:05]} 29... Kf8 {[%clk
0:10:32]} 30. Rcd1 {[%clk 0:18:27]} 30... Ke7 {[%clk 0:10:26]} 31. Nc4 { [%clk
0:18:35]} 31... Ra6 {[%clk 0:10:41]} 32. h4 {[%clk 0:15:56]} 32... h5 { [%clk
0:08:47]} 33. Kg2 {[%clk 0:11:30]} 33... g6 {[%clk 0:08:48]} 34. Kf3 { [%clk
0:09:23]} 34... Rd7 {[%clk 0:07:34]} 35. Kg2 {[%clk 0:09:02]} 35... Rd8 { [%clk
0:08:00]} 36. f4 {[%clk 0:09:05]} 36... f5 {[%clk 0:07:34]} 37. e5 { [%clk
0:07:20]} 37... d5 {[%clk 0:07:44]} 38. Ne3 {[%clk 0:06:50]} 38... Rc6 { [%clk
0:07:25]} 39. Rb1 {[%clk 0:05:01]} 39... Rd7 {[%clk 0:06:56]} 40. Kf3 { [%clk
0:05:15]} 1/2-1/2

[Event "DVM U16 2020"]
[Site "Willingen GER"]
[Date "2021.06.26"]
[Round "6"]
[White "Lohr, Maximilian"]
[Black "Kotyk, Michael"]
[Result "1-0"]
[Termination "normal"]
[Board "2.2"]
[WhiteElo "2024"]
[BlackElo "1960"]
[WhiteClock "00:11:02"]
[BlackClock "00:00:58"]
[WhiteTeam "FC Ergolding 1932 e.V."]
[BlackTeam "Hamburger SK von 1830"]
[PlyCount "71"]
[WhiteFideId "12999717"]
[BlackFideId "16214501"]
[EventCountry "GER"]
[EventRounds "7"]
[EventType "team-swiss"]
[EventDate "2021.06.23"]

1. g3 {[%clk 1:30:35]} 1... e5 {[%clk 1:30:10]} 2. Bg2 {[%clk 1:30:46]} 2...
Nc6 {[%clk 1:30:15]} 3. d3 {[%clk 1:31:02]} 3... f5 {[%clk 1:30:23]} 4. c4 {
[%clk 1:29:26]} 4... Nf6 {[%clk 1:30:19]} 5. Nc3 {[%clk 1:29:40]} 5... Bb4 {
[%clk 1:30:29]} 6. Bd2 {[%clk 1:29:38]} 6... Bxc3 {[%clk 1:30:42]} 7. Bxc3 {
[%clk 1:30:01]} 7... d6 {[%clk 1:31:06]} 8. d4 {[%clk 1:16:41]} 8... Qe7 {
[%clk 1:28:21]} 9. dxe5 {[%clk 1:11:36]} 9... dxe5 {[%clk 1:27:43]} 10. Nf3 {
[%clk 1:00:30]} 10... O-O {[%clk 1:26:18]} 11. O-O {[%clk 1:00:26]} 11... e4 {
[%clk 1:25:06]} 12. Nd4 {[%clk 0:56:23]} 12... Ne5 {[%clk 1:22:56]} 13. b3 {
[%clk 0:56:14]} 13... e3 {[%clk 1:18:55]} 14. f4 {[%clk 0:55:36]} 14... Neg4 {
[%clk 1:19:02]} 15. Qc2 {[%clk 0:54:04]} 15... Ne4 {[%clk 1:13:29]} 16. Bxe4 {
[%clk 0:51:13]} 16... fxe4 {[%clk 1:11:22]} 17. Qc1 {[%clk 0:46:59]} 17... Qf7
{[%clk 1:05:39]} 18. h3 {[%clk 0:43:13]} 18... Nf6 {[%clk 1:02:48]} 19. Qxe3 {
[%clk 0:27:27]} 19... Bxh3 {[%clk 1:02:35]} 20. Rfd1 {[%clk 0:27:52]} 20... Qh5
{[%clk 0:51:16]} 21. Nb5 {[%clk 0:25:09]} 21... Ng4 {[%clk 0:29:06]} 22. Qd4 {
[%clk 0:19:50]} 22... Nf6 {[%clk 0:26:43]} 23. Qe3 {[%clk 0:19:19]} 23... c6 {
[%clk 0:12:31]} 24. Bxf6 {[%clk 0:18:28]} 24... Rxf6 {[%clk 0:12:59]} 25. Nc3 {
[%clk 0:18:22]} 25... Bg4 {[%clk 0:11:41]} 26. Kf2 {[%clk 0:13:26]} 26... Qh2+
{[%clk 0:10:09]} 27. Ke1 {[%clk 0:13:50]} 27... Rh6 {[%clk 0:05:45]} 28. Kd2 {
[%clk 0:14:02]} 28... Rh3 {[%clk 0:04:28]} 29. Rg1 {[%clk 0:11:30]} 29... Rd8+
{[%clk 0:01:26]} 30. Kc2 {[%clk 0:11:52]} 30... Bf3 {[%clk 0:00:39]} 31. Rad1 {
[%clk 0:11:02]} 31... Rxd1 {[%clk 0:00:33]} 32. Rxd1 {[%clk 0:11:25]} 32... h5
{[%clk 0:00:37]} 33. Rd8+ {[%clk 0:11:06]} 33... Kh7 {[%clk 0:01:03]} 34. Nxe4
{[%clk 0:11:12]} 34... Rxg3 {[%clk 0:00:34]} 35. Nxg3 {[%clk 0:10:39]} 35...
Qxg3 {[%clk 0:00:58]} 36. Qxf3 {[%clk 0:11:02]} 1-0

[Event "DVM U16 2020"]
[Site "Willingen GER"]
[Date "2021.06.26"]
[Round "6"]
[White "von Krosigk, Florian"]
[Black "Astner, Sebastian"]
[Result "0-1"]
[Termination "normal"]
[Board "2.3"]
[WhiteElo "1941"]
[BlackElo "1894"]
[WhiteClock "00:00:32"]
[BlackClock "00:06:45"]
[WhiteTeam "Hamburger SK von 1830"]
[BlackTeam "FC Ergolding 1932 e.V."]
[PlyCount "70"]
[WhiteFideId "16227808"]
[BlackFideId "12979422"]
[EventCountry "GER"]
[EventRounds "7"]
[EventType "team-swiss"]
[EventDate "2021.06.23"]

1. e4 {[%clk 1:30:54]} 1... e5 {[%clk 1:30:57]} 2. Nf3 {[%clk 1:31:15]} 2...
Nc6 {[%clk 1:31:23]} 3. Bc4 {[%clk 1:24:47]} 3... Bc5 {[%clk 1:30:18]} 4. d3 {
[%clk 1:20:40]} 4... h6 {[%clk 1:29:06]} 5. Bb3 {[%clk 1:17:39]} 5... d6 {
[%clk 1:28:50]} 6. c3 {[%clk 1:16:21]} 6... Nf6 {[%clk 1:26:23]} 7. Nbd2 {
[%clk 1:12:27]} 7... a6 {[%clk 1:24:44]} 8. h3 {[%clk 1:09:42]} 8... O-O {
[%clk 1:24:19]} 9. O-O {[%clk 1:09:47]} 9... b5 {[%clk 1:21:51]} 10. Re1 {
[%clk 1:06:33]} 10... Bd7 {[%clk 1:16:33]} 11. Nf1 {[%clk 1:03:47]} 11... Bb6 {
[%clk 1:13:44]} 12. Ng3 {[%clk 0:59:53]} 12... Ne7 {[%clk 1:01:34]} 13. d4 {
[%clk 0:53:58]} 13... Ng6 {[%clk 0:57:16]} 14. Be3 {[%clk 0:48:30]} 14... Rb8 {
[%clk 0:36:14]} 15. Qd2 {[%clk 0:44:49]} 15... c5 {[%clk 0:22:22]} 16. Red1 {
[%clk 0:25:14]} 16... c4 {[%clk 0:16:32]} 17. Bc2 {[%clk 0:25:17]} 17... Bc6 {
[%clk 0:15:31]} 18. d5 {[%clk 0:11:07]} 18... Bxe3 {[%clk 0:14:38]} 19. Qxe3 {
[%clk 0:10:53]} 19... Bd7 {[%clk 0:15:03]} 20. Kh2 {[%clk 0:07:01]} 20... Nf4 {
[%clk 0:14:24]} 21. Ne2 {[%clk 0:05:40]} 21... N6h5 {[%clk 0:13:29]} 22. Nfg1 {
[%clk 0:03:16]} 22... Qc8 {[%clk 0:12:14]} 23. Ng3 {[%clk 0:02:28]} 23... Nf6 {
[%clk 0:06:28]} 24. N1e2 {[%clk 0:02:00]} 24... g5 {[%clk 0:06:36]} 25. Nf1 {
[%clk 0:01:33]} 25... N6h5 {[%clk 0:05:48]} 26. Nxf4 {[%clk 0:01:09]} 26...
Nxf4 {[%clk 0:06:12]} 27. Ng3 {[%clk 0:01:13]} 27... Bxh3 {[%clk 0:06:03]} 28.
Nf5 {[%clk 0:00:50]} 28... Bxf5 {[%clk 0:05:53]} 29. exf5 {[%clk 0:01:15]}
29... b4 {[%clk 0:05:08]} 30. g3 {[%clk 0:00:39]} 30... Nh5 {[%clk 0:05:34]}
31. cxb4 {[%clk 0:00:37]} 31... Rxb4 {[%clk 0:05:59]} 32. Qa3 {[%clk 0:00:49]}
32... Qc5 {[%clk 0:06:07]} 33. Rd2 {[%clk 0:00:41]} 33... Rfb8 {[%clk 0:06:17]}
34. b3 {[%clk 0:00:34]} 34... c3 {[%clk 0:06:29]} 35. Rd3 {[%clk 0:00:32]}
35... Qxf2+ {[%clk 0:06:45]} 0-1

[Event "DVM U16 2020"]
[Site "Willingen GER"]
[Date "2021.06.26"]
[Round "6"]
[White "Sowka, Patrick"]
[Black "Reyes-Mantilla, Andrés Mauricio"]
[Result "1-0"]
[Termination "normal"]
[Board "2.4"]
[WhiteElo "1616"]
[BlackElo "1584"]
[WhiteClock "00:08:09"]
[BlackClock "00:24:47"]
[WhiteTeam "FC Ergolding 1932 e.V."]
[BlackTeam "Hamburger SK von 1830"]
[PlyCount "49"]
[WhiteFideId "16234944"]
[BlackFideId "4467248"]
[EventCountry "GER"]
[EventRounds "7"]
[EventType "team-swiss"]
[EventDate "2021.06.23"]

1. e4 {[%clk 1:28:11]} 1... c6 {[%clk 1:30:08]} 2. Nc3 {[%clk 1:28:00]} 2... d5
{[%clk 1:30:30]} 3. Qe2 {[%clk 1:28:05]} 3... d4 {[%clk 1:30:51]} 4. Nb1 {
[%clk 1:28:24]} 4... e5 {[%clk 1:29:53]} 5. d3 {[%clk 1:27:36]} 5... Bd6 {
[%clk 1:28:18]} 6. g3 {[%clk 1:27:16]} 6... Ne7 {[%clk 1:20:45]} 7. f4 { [%clk
1:26:30]} 7... exf4 {[%clk 1:20:09]} 8. gxf4 {[%clk 1:26:10]} 8... Ng6 { [%clk
1:19:45]} 9. Qf2 {[%clk 1:25:42]} 9... Be7 {[%clk 1:18:29]} 10. Nf3 { [%clk
1:23:05]} 10... Bg4 {[%clk 1:18:03]} 11. Nbd2 {[%clk 1:23:25]} 11... c5 { [%clk
1:10:13]} 12. Qg3 {[%clk 1:03:06]} 12... Bxf3 {[%clk 1:05:51]} 13. Nxf3 { [%clk
1:03:18]} 13... Nh4 {[%clk 1:05:19]} 14. Bd2 {[%clk 0:58:49]} 14... Nxf3+
{[%clk 1:05:34]} 15. Qxf3 {[%clk 0:59:14]} 15... Bh4+ {[%clk 1:06:00]} 16. Ke2
{[%clk 0:59:17]} 16... Nc6 {[%clk 1:00:26]} 17. Rg1 {[%clk 0:45:10]} 17... O-O
{[%clk 0:46:41]} 18. Qh5 {[%clk 0:36:48]} 18... Be7 {[%clk 0:39:50]} 19. Bh3 {
[%clk 0:25:58]} 19... Kh8 {[%clk 0:33:36]} 20. Rxg7 {[%clk 0:07:32]} 20... Kxg7
{[%clk 0:33:29]} 21. Rg1+ {[%clk 0:07:51]} 21... Bg5 {[%clk 0:30:02]} 22. Rxg5+
{[%clk 0:08:09]} 22... Kf6 {[%clk 0:30:24]} 23. Re5 {[%clk 0:07:39]} 23... Rg8
{[%clk 0:25:33]} 24. Rf5+ {[%clk 0:07:50]} 24... Ke7 {[%clk 0:24:47]} 25. Qxf7+
{[%clk 0:08:09]} 1-0

[Event "DVM U16 2020"]
[Site "Willingen GER"]
[Date "2021.06.26"]
[Round "6"]
[White "Pahl, Erik"]
[Black "Fromm, Marius"]
[Result "0-1"]
[Termination "normal"]
[Board "3.1"]
[WhiteElo "2110"]
[BlackElo "2297"]
[WhiteClock "00:05:56"]
[BlackClock "00:18:42"]
[WhiteTeam "Delmenhorster SK"]
[BlackTeam "Greifswalder SV"]
[PlyCount "76"]
[WhiteFideId "16201272"]
[BlackFideId "12993190"]
[EventCountry "GER"]
[EventRounds "7"]
[EventType "team-swiss"]
[EventDate "2021.06.23"]

1. e4 {[%clk 1:30:56]} 1... c5 {[%clk 1:30:55]} 2. Nf3 {[%clk 1:31:20]} 2... d6
{[%clk 1:31:21]} 3. d4 {[%clk 1:31:37]} 3... cxd4 {[%clk 1:31:47]} 4. Nxd4 {
[%clk 1:32:02]} 4... Nf6 {[%clk 1:32:13]} 5. Nc3 {[%clk 1:32:25]} 5... a6 {
[%clk 1:32:37]} 6. Bc4 {[%clk 1:28:52]} 6... e6 {[%clk 1:32:57]} 7. Bb3 { [%clk
1:29:17]} 7... Nc6 {[%clk 1:33:21]} 8. Be3 {[%clk 1:24:24]} 8... Be7 { [%clk
1:33:40]} 9. Qe2 {[%clk 1:24:40]} 9... O-O {[%clk 1:33:48]} 10. O-O-O { [%clk
1:24:47]} 10... Nxd4 {[%clk 1:33:50]} 11. Rxd4 {[%clk 1:25:07]} 11... Qc7
{[%clk 1:31:28]} 12. g4 {[%clk 1:20:29]} 12... b5 {[%clk 1:22:02]} 13. g5 {
[%clk 1:20:26]} 13... Nd7 {[%clk 1:21:12]} 14. Rg1 {[%clk 1:20:11]} 14... Rb8 {
[%clk 1:09:45]} 15. Kb1 {[%clk 1:05:12]} 15... Nc5 {[%clk 1:05:45]} 16. e5 {
[%clk 1:03:43]} 16... d5 {[%clk 0:55:04]} 17. Bc1 {[%clk 0:46:22]} 17... a5 {
[%clk 0:48:22]} 18. Bxd5 {[%clk 0:32:59]} 18... b4 {[%clk 0:42:44]} 19. Ne4 {
[%clk 0:17:27]} 19... Qxe5 {[%clk 0:26:32]} 20. Nf6+ {[%clk 0:16:11]} 20...
Bxf6 {[%clk 0:26:45]} 21. gxf6 {[%clk 0:15:16]} 21... Qxe2 {[%clk 0:26:01]} 22.
Rxg7+ {[%clk 0:15:37]} 22... Kh8 {[%clk 0:26:29]} 23. Rh4 {[%clk 0:15:44]}
23... h5 {[%clk 0:26:40]} 24. Bc4 {[%clk 0:14:00]} 24... Qf3 {[%clk 0:22:37]}
25. Rg5 {[%clk 0:12:11]} 25... Ne4 {[%clk 0:21:20]} 26. Rgxh5+ {[%clk 0:08:32]}
26... Qxh5 {[%clk 0:21:45]} 27. Rxh5+ {[%clk 0:08:55]} 27... Kg8 { [%clk
0:22:11]} 28. Bh6 {[%clk 0:09:09]} 28... Rd8 {[%clk 0:21:51]} 29. Bd3 { [%clk
0:08:45]} 29... Rd5 {[%clk 0:17:47]} 30. Rh3 {[%clk 0:07:27]} 30... Rxd3 {[%clk
0:17:52]} 31. cxd3 {[%clk 0:05:27]} 31... Nxf6 {[%clk 0:18:18]} 32. Rg3+ {[%clk
0:05:09]} 32... Kh7 {[%clk 0:18:40]} 33. Bf4 {[%clk 0:05:14]} 33... Rb5 {[%clk
0:18:19]} 34. d4 {[%clk 0:05:17]} 34... Nh5 {[%clk 0:18:05]} 35. Rh3 { [%clk
0:05:29]} 35... Kg6 {[%clk 0:18:25]} 36. Be3 {[%clk 0:05:51]} 36... e5 { [%clk
0:18:03]} 37. Rh4 {[%clk 0:06:01]} 37... e4 {[%clk 0:18:24]} 38. Kc1 { [%clk
0:05:56]} 38... f5 {[%clk 0:18:42]} 0-1

[Event "DVM U16 2020"]
[Site "Willingen GER"]
[Date "2021.06.26"]
[Round "6"]
[White "Troyke, Jannis"]
[Black "Pahl, Theis"]
[Result "0-1"]
[Termination "normal"]
[Board "3.2"]
[WhiteElo "1911"]
[BlackElo "2123"]
[WhiteClock "00:20:47"]
[BlackClock "00:57:42"]
[WhiteTeam "Greifswalder SV"]
[BlackTeam "Delmenhorster SK"]
[PlyCount "96"]
[WhiteFideId "12993115"]
[BlackFideId "16201264"]
[EventCountry "GER"]
[EventRounds "7"]
[EventType "team-swiss"]
[EventDate "2021.06.23"]

1. e4 {[%clk 1:30:57]} 1... c5 {[%clk 1:30:55]} 2. Nf3 {[%clk 1:31:23]} 2... d6
{[%clk 1:31:20]} 3. d4 {[%clk 1:31:49]} 3... cxd4 {[%clk 1:31:45]} 4. Nxd4 {
[%clk 1:32:15]} 4... Nf6 {[%clk 1:32:10]} 5. Nc3 {[%clk 1:32:40]} 5... a6 {
[%clk 1:32:34]} 6. h3 {[%clk 1:33:06]} 6... e5 {[%clk 1:33:00]} 7. Nde2 { [%clk
1:33:33]} 7... h5 {[%clk 1:33:25]} 8. Bg5 {[%clk 1:33:59]} 8... Be6 { [%clk
1:33:49]} 9. Bxf6 {[%clk 1:34:14]} 9... Qxf6 {[%clk 1:34:13]} 10. Nd5 { [%clk
1:34:40]} 10... Qd8 {[%clk 1:34:30]} 11. Nec3 {[%clk 1:35:03]} 11... g6 { [%clk
1:34:36]} 12. Bc4 {[%clk 1:35:22]} 12... Bh6 {[%clk 1:34:55]} 13. O-O { [%clk
1:35:42]} 13... Nc6 {[%clk 1:33:42]} 14. Bb3 {[%clk 1:34:45]} 14... Nd4 { [%clk
1:29:11]} 15. Qd3 {[%clk 1:30:47]} 15... Rc8 {[%clk 1:27:00]} 16. Rad1 { [%clk
1:26:51]} 16... O-O {[%clk 1:19:10]} 17. Ne2 {[%clk 1:18:21]} 17... Nxb3 {[%clk
1:18:32]} 18. Qxb3 {[%clk 1:17:22]} 18... b5 {[%clk 1:08:01]} 19. a4 { [%clk
0:55:31]} 19... Rc5 {[%clk 1:07:16]} 20. Nec3 {[%clk 0:53:53]} 20... Qb8 {[%clk
1:05:20]} 21. axb5 {[%clk 0:36:55]} 21... axb5 {[%clk 1:04:59]} 22. Qa3 {[%clk
0:32:13]} 22... Qb7 {[%clk 0:50:33]} 23. Ra1 {[%clk 0:23:50]} 23... Bd2 {[%clk
0:42:24]} 24. Rfd1 {[%clk 0:07:32]} 24... Bxc3 {[%clk 0:40:10]} 25. bxc3 {[%clk
0:07:57]} 25... Bxd5 {[%clk 0:39:40]} 26. exd5 {[%clk 0:08:22]} 26... Rxd5
{[%clk 0:37:54]} 27. Qb3 {[%clk 0:08:35]} 27... Rxd1+ {[%clk 0:37:39]} 28. Rxd1
{[%clk 0:09:04]} 28... Qc6 {[%clk 0:36:25]} 29. Qd5 {[%clk 0:07:45]} 29... Rc8
{[%clk 0:36:04]} 30. Qxd6 {[%clk 0:06:50]} 30... Qxd6 {[%clk 0:35:59]} 31. Rxd6
{[%clk 0:07:15]} 31... Rxc3 {[%clk 0:36:19]} 32. Rb6 {[%clk 0:05:30]} 32... Rc5
{[%clk 0:34:26]} 33. Kf1 {[%clk 0:05:06]} 33... Kg7 {[%clk 0:34:23]} 34. c3
{[%clk 0:05:22]} 34... h4 {[%clk 0:32:41]} 35. Ke2 {[%clk 0:05:20]} 35... Kh6
36. Kd3 {[%clk 0:03:26]} 36... Kg5 {[%clk 0:30:37]} 37. Rd6 { [%clk 0:02:12]}
37... Kf5 {[%clk 0:29:34]} 38. Rb6 {[%clk 0:00:58]} 38... e4+ { [%clk 0:28:48]}
39. Kd4 {[%clk 0:00:47]} 39... Rc4+ {[%clk 0:28:45]} 40. Kd5 { [%clk 0:01:15]}
40... Rxc3 {[%clk 0:28:50]} 41. Rxb5 {[%clk 0:27:41]} 41... Rc2 {[%clk
0:58:29]} 42. Kd4+ {[%clk 0:21:18]} 42... Kf4 {[%clk 0:57:30]} 43. Rb7 { [%clk
0:20:12]} 43... f5 {[%clk 0:57:31]} 44. Rg7 {[%clk 0:20:36]} 44... Rxf2 { [%clk
0:56:45]} 45. Rxg6 {[%clk 0:20:59]} 45... e3 {[%clk 0:57:00]} 46. Kd3 { [%clk
0:20:17]} 46... Rd2+ {[%clk 0:57:22]} 47. Kc3 {[%clk 0:20:39]} 47... Rd1 {[%clk
0:57:30]} 48. Re6 {[%clk 0:20:47]} 48... Rg1 {[%clk 0:57:42]} 0-1

[Event "DVM U16 2020"]
[Site "Willingen GER"]
[Date "2021.06.26"]
[Round "6"]
[White "Alhamid, Mohamad"]
[Black "Kallweit, Paul"]
[Result "0-1"]
[Termination "normal"]
[Board "3.3"]
[WhiteElo "1664"]
[BlackElo "1832"]
[WhiteClock "00:00:34"]
[BlackClock "00:05:16"]
[WhiteTeam "Delmenhorster SK"]
[BlackTeam "Greifswalder SV"]
[PlyCount "66"]
[WhiteFideId "16235665"]
[BlackFideId "16228081"]
[EventCountry "GER"]
[EventRounds "7"]
[EventType "team-swiss"]
[EventDate "2021.06.23"]

1. e4 {[%clk 1:30:58]} 1... c5 {[%clk 1:30:04]} 2. Nf3 {[%clk 1:31:09]} 2... a6
{[%clk 1:25:24]} 3. d4 {[%clk 1:30:41]} 3... cxd4 {[%clk 1:25:50]} 4. Nxd4 {
[%clk 1:31:02]} 4... Nf6 {[%clk 1:26:10]} 5. Nc3 {[%clk 1:31:23]} 5... e5 {
[%clk 1:26:30]} 6. Nf3 {[%clk 1:22:49]} 6... Qc7 {[%clk 1:03:48]} 7. a3 { [%clk
0:54:46]} 7... h6 {[%clk 1:01:24]} 8. Be3 {[%clk 0:39:05]} 8... d6 { [%clk
1:00:30]} 9. Nd5 {[%clk 0:28:28]} 9... Nxd5 {[%clk 1:00:08]} 10. Qxd5 { [%clk
0:28:33]} 10... Be6 {[%clk 1:00:01]} 11. Qd2 {[%clk 0:28:19]} 11... Be7 { [%clk
0:59:58]} 12. c4 {[%clk 0:25:49]} 12... Nd7 {[%clk 0:58:33]} 13. Be2 { [%clk
0:21:28]} 13... O-O {[%clk 0:50:28]} 14. Rc1 {[%clk 0:14:41]} 14... Qc6 { [%clk
0:43:38]} 15. Qc2 {[%clk 0:13:30]} 15... f5 {[%clk 0:42:32]} 16. exf5 { [%clk
0:12:37]} 16... Bxf5 {[%clk 0:42:45]} 17. Qd2 {[%clk 0:08:33]} 17... Rac8
{[%clk 0:41:04]} 18. b4 {[%clk 0:07:36]} 18... Rfd8 {[%clk 0:33:51]} 19. O-O {
[%clk 0:06:37]} 19... Nf6 {[%clk 0:25:19]} 20. b5 {[%clk 0:02:41]} 20... axb5 {
[%clk 0:18:44]} 21. cxb5 {[%clk 0:02:45]} 21... Qd7 {[%clk 0:18:15]} 22. a4 {
[%clk 0:02:25]} 22... Qe6 {[%clk 0:13:22]} 23. Qb2 {[%clk 0:01:58]} 23... Nd5 {
[%clk 0:12:47]} 24. Bd2 {[%clk 0:00:49]} 24... Bf6 {[%clk 0:11:10]} 25. Qa2 {
[%clk 0:00:40]} 25... Nf4 {[%clk 0:07:06]} 26. Bc4 {[%clk 0:00:42]} 26... d5 {
[%clk 0:07:17]} 27. Bxf4 {[%clk 0:01:01]} 27... Rxc4 {[%clk 0:06:09]} 28. Rxc4
{[%clk 0:01:22]} 28... dxc4 {[%clk 0:06:28]} 29. Be3 {[%clk 0:01:22]} 29... Bd3
{[%clk 0:06:32]} 30. Rc1 {[%clk 0:01:13]} 30... e4 {[%clk 0:05:49]} 31. Nd2 {
[%clk 0:00:44]} 31... Kf7 {[%clk 0:04:58]} 32. Nxc4 {[%clk 0:00:38]} 32... Bxc4
{[%clk 0:05:07]} 33. Qxc4 {[%clk 0:00:34]} 33... Qxc4 {[%clk 0:05:16]} 0-1

[Event "DVM U16 2020"]
[Site "Willingen GER"]
[Date "2021.06.26"]
[Round "6"]
[White "Khanbekyan, Areg"]
[Black "Wander, Dennis"]
[Result "1/2-1/2"]
[Termination "normal"]
[Board "3.4"]
[WhiteElo "1576"]
[BlackElo "1595"]
[WhiteClock "00:24:02"]
[BlackClock "00:10:49"]
[WhiteTeam "Greifswalder SV"]
[BlackTeam "Delmenhorster SK"]
[PlyCount "106"]
[WhiteFideId "12993727"]
[BlackFideId "16276523"]
[EventCountry "GER"]
[EventRounds "7"]
[EventType "team-swiss"]
[EventDate "2021.06.23"]

1. e4 {[%clk 1:30:44]} 1... d5 {[%clk 1:30:54]} 2. exd5 {[%clk 1:30:17]} 2...
Qxd5 {[%clk 1:31:16]} 3. Nc3 {[%clk 1:30:06]} 3... Qa5 {[%clk 1:31:37]} 4. d4 {
[%clk 1:29:47]} 4... Nf6 {[%clk 1:31:46]} 5. Nf3 {[%clk 1:29:31]} 5... Bg4 {
[%clk 1:31:45]} 6. Be2 {[%clk 1:28:54]} 6... Nc6 {[%clk 1:30:52]} 7. O-O {
[%clk 1:28:02]} 7... Bxf3 {[%clk 1:24:24]} 8. Bxf3 {[%clk 1:26:12]} 8... O-O-O
{[%clk 1:24:43]} 9. Bxc6 {[%clk 1:19:06]} 9... bxc6 {[%clk 1:24:41]} 10. Qf3 {
[%clk 0:57:19]} 10... Rxd4 {[%clk 1:15:42]} 11. Qxc6 {[%clk 0:55:19]} 11... Qb6
{[%clk 1:13:36]} 12. Qa8+ {[%clk 0:55:22]} 12... Qb8 {[%clk 1:12:56]} 13. Qf3 {
[%clk 0:52:53]} 13... Qb7 {[%clk 1:09:18]} 14. Qxb7+ {[%clk 0:47:50]} 14...
Kxb7 {[%clk 1:09:38]} 15. Be3 {[%clk 0:48:08]} 15... Rd6 {[%clk 1:04:27]} 16.
Bf4 {[%clk 0:34:57]} 16... Rd4 {[%clk 1:01:47]} 17. Bxc7 {[%clk 0:34:30]} 17...
Rd2 {[%clk 0:41:21]} 18. Be5 {[%clk 0:33:15]} 18... g6 {[%clk 0:23:13]} 19.
Rfd1 {[%clk 0:29:19]} 19... Bh6 {[%clk 0:20:41]} 20. Rxd2 {[%clk 0:27:55]}
20... Bxd2 {[%clk 0:21:00]} 21. Rd1 {[%clk 0:27:58]} 21... Bxc3 {[%clk 0:20:56]
} 22. Bxc3 {[%clk 0:28:18]} 22... Rc8 {[%clk 0:20:48]} 23. f3 {[%clk 0:28:03]}
23... Rc7 {[%clk 0:16:11]} 24. Kf2 {[%clk 0:27:30]} 24... Ne8 {[%clk 0:14:25]}
25. Rd2 {[%clk 0:23:48]} 25... Nd6 {[%clk 0:13:05]} 26. Be5 {[%clk 0:23:43]}
26... Kc6 {[%clk 0:13:19]} 27. Rd3 {[%clk 0:19:45]} 27... Kd7 {[%clk 0:12:22]}
28. Rc3 {[%clk 0:17:44]} 28... Rb7 {[%clk 0:12:29]} 29. Bxd6 {[%clk 0:17:33]}
29... exd6 {[%clk 0:12:31]} 30. b3 {[%clk 0:17:44]} 30... f5 {[%clk 0:11:14]}
31. Ke3 {[%clk 0:17:22]} 31... Ke6 {[%clk 0:11:09]} 32. Kd4 {[%clk 0:17:33]}
32... h6 {[%clk 0:08:30]} 33. Re3+ {[%clk 0:17:17]} 33... Kd7 {[%clk 0:08:11]}
34. c4 {[%clk 0:17:20]} 34... a5 {[%clk 0:08:09]} 35. Kd5 {[%clk 0:16:35]}
35... Rc7 {[%clk 0:07:55]} 36. a3 {[%clk 0:14:50]} 36... Rc5+ {[%clk 0:06:01]}
37. Kd4 {[%clk 0:15:08]} 37... f4 {[%clk 0:04:20]} 38. Re2 {[%clk 0:10:51]}
38... Rf5 {[%clk 0:02:44]} 39. b4 {[%clk 0:10:40]} 39... axb4 {[%clk 0:02:29]}
40. axb4 {[%clk 0:10:32]} 40... g5 {[%clk 0:02:15]} 41. b5 {[%clk 0:08:17]}
41... h5 {[%clk 0:01:21]} 42. h3 {[%clk 0:08:25]} 42... h4 {[%clk 0:30:30]} 43.
b6 {[%clk 0:33:42]} 43... Rf8 {[%clk 0:22:33]} 44. Kd5 {[%clk 0:27:47]} 44...
Rf5+ {[%clk 0:21:20]} 45. Kd4 {[%clk 0:28:09]} 45... Rf8 {[%clk 0:21:44]} 46.
c5 {[%clk 0:26:26]} 46... dxc5+ {[%clk 0:17:46]} 47. Kxc5 {[%clk 0:26:47]}
47... Rf5+ {[%clk 0:17:59]} 48. Kb4 {[%clk 0:26:06]} 48... Kc6 {[%clk 0:11:17]}
49. Re6+ {[%clk 0:26:02]} 49... Kb7 {[%clk 0:10:50]} 50. Rg6 {[%clk 0:23:16]}
50... Re5 {[%clk 0:10:46]} 51. Kc4 {[%clk 0:23:18]} 51... Ra5 {[%clk 0:10:34]}
52. Kd4 {[%clk 0:23:40]} 52... Rb5 {[%clk 0:10:49]} 53. Ke4 {[%clk 0:24:02]}
53... Rc5 1/2-1/2